| 000 | 00801nam a2200205Ia 4500 | ||
|---|---|---|---|
| 001 | 17182 | ||
| 003 | GE_BSU | ||
| 008 | 181216s||||||||xx |||||||||||||| ||und|| | ||
| 040 | _cGE_BSU | ||
| 080 | _a821.161.1-11 | ||
| 100 | _aპუშკინი, ა.ს. | ||
| 245 | _aკავკასიის ტყვე ; ბაღჩისარაის შადრევანი | ||
| 245 | _cთარგმ. კონსტანტინე ჭიჭინაძემ. რედ.ნ. შველიძე | ||
| 260 | _aთბილისი | ||
| 260 | _bსაბლიტგამი | ||
| 260 | _c1950 | ||
| 300 | _a60 გვ. : 3 ფ. ილ. ; 20 სმ | ||
| 653 | _aკავკასიის ტყვე ; ბაღჩისარაის შადრევანი | ||
| 942 | _cBK | ||
| 999 |
_c50244 _d50244 |
||